Bratislava očami výtvarníkov

Bibliographic Details
Main Author: Procházka, Miro, 1921-2005 (Author)
Other Authors: Belohradská, Ľuba, 1936- (Compiler)
Format: Book
Language:Slovak
PhysicalDescription:193 strán, [72] strán obrazových príloh fotografie 22 x 24 cm
Published: Bratislava Vydavateľstvo Slovenského fondu výtvarných umení 1961
Edition:2. dopl. vyd.
Subjects:

MARC

LEADER 00000cam a2200000 a 4500
001 vtls001262818
003 SK-MaSNL
005 20260426004254.0
008 240226s1961 xo o fr 000 0dslo
015 |a SNBA1961 
020 |q (viazané) 
035 |a SNK000213711 
035 |a 4E46618A-58D9-47ED-A13F-06955E95B302 
035 |a urn:nbn:sk:snk-am00id1b 
040 |a SNK  |b slo  |c SNK  |e AACR2 
041 0 |a slo 
043 |a e-xo--- 
044 |a xo  |c SK 
072 7 |a 72/76  |x Výtvarné umenie  |2 konspekt 
080 |a 72/76  |2 2011 
080 |a 7.04  |2 2011 
080 |a (437.611)  |2 2011 
080 |a (048.8)  |2 2011 
080 |a (084.11)  |2 2011 
100 1 |a Procházka, Miro,  |d 1921-2005  |4 aut  |9 108085 
245 1 0 |a Bratislava očami výtvarníkov  |c Miro Procházka ; [životopisné údaje umelcov zostavila Ľ. Belohradská] 
250 |a 2. dopl. vyd. 
260 |a Bratislava  |b Vydavateľstvo Slovenského fondu výtvarných umení  |c 1961 
300 |a 193 strán, [72] strán obrazových príloh  |b fotografie  |c 22 x 24 cm 
366 |e 4250 kusov 
650 0 7 |a výtvarné umenie  |2 SNKPH  |9 723 
650 0 7 |a námety, témy a motívy  |2 SNKPH  |9 2883 
650 0 7 |a Fine art  |2 SNKPHeng  |9 265088 
650 0 7 |a Themes and motives  |2 SNKPHeng  |9 284413 
651 7 |a Bratislava (Slovensko)  |2 SNKPHgeo  |9 14568 
651 7 |a Bratislava (Slovakia)  |2 SNKPHeng  |9 171234 
655 7 |a monografie  |2 SNKPH  |9 70139 
655 7 |a obrazové publikácie  |2 SNKPH  |9 70343 
655 7 |a Monographs  |2 SNKPHeng  |9 120675 
655 7 |a Pictorial works  |2 SNKPHeng  |9 284468 
700 1 |a Belohradská, Ľuba,  |d 1936-  |4 com  |9 98509 
852 |a Slovenská národná knižnica 
954 |a odborná, vedecká literatúra pôvodná (slovenská)  |2 lita 
958 |a TL 
958 |a RK 
958 |a OND 
958 |a EUIPO 
999 |c 970439  |d 972369 
952 |a SNK  |b SNK  |y VYP  |7 0  |p 17A0492605  |o snkSC 27662 D1  |i snkK 3620/71  |0 0  |1 0  |4 0  |d 2005-12-13  |l 0  |r 2026-02-24 10:49:18  |w 2026-02-24 
952 |a SNK  |b SNK  |y PREZ  |7 0  |p 17A0939271  |o snkSC 27662  |i snkK 3619/71  |0 0  |1 0  |4 0  |d 1996-10-07  |f 1  |l 0  |r 2025-09-11 00:00:00  |w 2026-02-24